The MacKade brothers: (Registro nro. 30463)
[ vista simple ]
| 000 -LÍDER | |
|---|---|
| campo de control de longitud fija | 01929nam a22002777a 4500 |
| 003 - IDENTIFICADOR DE NÚMERO DE CONTROL | |
| campo de control | OSt |
| 005 - FECHA Y HORA DE LA ÚLTIMA | |
| campo de control | 20250619111558.0 |
| 008 - ELEMENTOS DE DATOS DE LONGITUD FIJA - INFORMACIÓN GENERAL | |
| campo de control de longitud fija | 231215b |||||||| |||| 00| 0 eng d |
| 020 ## - NÚMERO INTERNACIONAL NORMALIZADO DEL LIBRO | |
| Número de libro estándar internacional | 9780373285754 |
| 037 ## - FUENTE DE ADQUISICIÓN | |
| Materials specified | Donación |
| 040 ## - FUENTE DE CATALOGACIÓN | |
| Agencia de catalogación original | CO-JMCR |
| Agencia de transcripción | CO-JMCR |
| Agencia modificadora | CO-JMCR |
| Convenciones de descripción | rda |
| 082 ## - NÚMERO DE CLASIFICACIÓN DECIMAL DEWEY | |
| Número de edición | 23 |
| Número de clasificación | A-N |
| Número de artículo | ROBm |
| 100 ## - ENTRADA PRINCIPAL - NOMBRE PERSONAL | |
| Nombre personal | Roberts, Nora |
| Término relativo | Autor |
| 9 (RLIN) | 43029 |
| 245 ## - DECLARACIÓN DEL TÍTULO | |
| Título | The MacKade brothers: |
| Resto del título | Rafe & Jared / |
| Declaración de responsabilidad, etc. | Nora Roberts |
| 246 ## - FORMA VARIABLE DEL TÍTULO | |
| Título propiamente dicho/título corto | Los hermanos Mackade: |
| Resto del título | Rafe & Jared |
| 260 ## - PUBLICACIÓN, DISTRIBUCIÓN, ETC. | |
| Lugar de publicación, distribución, etc. | Estados unidos : |
| Nombre del editor, distribuidor, etc. | Silhouette, |
| Fecha de publicación, distribución, etc. | 2004 |
| 300 ## - DESCRIPCIÓN FÍSICA | |
| Medida | 473 páginas |
| Dimensiones | 20 cm |
| 490 ## - DECLARACIÓN DE LA SERIE | |
| Declaración de serie | Nora Roberts Collection |
| 500 ## - NOTA GENERAL | |
| Nota general | Incluye datos biográficos del autor |
| 520 ## - RESUMEN, ETC. | |
| Resumen, etc | In this collection of two romance novels, Nora Roberts introduces us to two of the four MacKade brothers, Rafe and Jared.<br/><br/>In The Return of Rafe MacKade, Rafe, the oldest brother, returns to his hometown of Antietam, Maryland, after a decade's absence. He is a successful man, but his past haunts him. Regan Jones, a secretive antique dealer with a secret love for Rafe since high school, becomes his unexpected confidante and business partner. As they work together, their undeniable chemistry ignites, but their opposing personalities and past hurts make their path to love a difficult one.<br/><br/>In The Seduction of Jared, Jared, the older brother, meets Savannah Duboise, a single mother with a strong spirit and a young daughter. Despite their initial dislike, Jared is drawn to Savannah's strength and independence, while she is intrigued by his hidden vulnerability. As they navigate their attraction amid family drama and Savannah's past, they discover a deep connection that challenges their preconceived ideas about love and family. |
| 546 ## - NOTA DE IDIOMA | |
| Nota de idioma | Libro en inglés |
| 650 ## - ENTRADA AÑADIDA DE ASUNTO - TÉRMINO TEMÁTICO | |
| Fuente del encabezado o término | JMCR |
| -- | Novela estadounidense |
| Subdivisión cronológica | siglo xx |
| 9 (RLIN) | 6991 |
| 650 ## - ENTRADA AÑADIDA DE ASUNTO - TÉRMINO TEMÁTICO | |
| Fuente del encabezado o término | JMCR |
| -- | Novela amorosa |
| Subdivisión cronológica | estadounidense |
| 9 (RLIN) | 43038 |
| 650 ## - ENTRADA AÑADIDA DE ASUNTO - TÉRMINO TEMÁTICO | |
| Fuente del encabezado o término | JMCR |
| -- | Amor en la literatura |
| 9 (RLIN) | 634 |
| 942 ## - ELEMENTOS DE ENTRADA AÑADIDOS (KOHA) | |
| Source of classification or shelving scheme | Dewey Decimal Classification |
| Tipo de artículo Koha | Books |
| 999 ## - | |
| -- | 30463 |
| -- | 16847 |
| Estado retirado |
|---|